000 00998nam a2200301 i 4500
001 47710
003 ES-MaACL
005 20231107191847.0
007 t|
008 020417s2001 sp ||||0| spa j
020 _a84-9734-008-6
040 _aM-BN
_bspa
_cM-BN
080 _a32(460.15)"1975/..."
080 _a929 Mayor Oreja, Jaime
100 1 _aSan Sebastián, Isabel.
_9102307
245 1 0 _aMayor Oreja
_b: una victoria frente al miedo /
_cIsabel San Sebastián ; prólogo de Adolfo Suárez.
250 _a1ª ed.
260 _aMadrid :
_bLa Esfera de los Libros,
_c2001.
300 _a317 p., [32] p. de lám. ;
_c25 cm.
490 1 _aLa Esfera biografías
500 _aIndice.
600 1 4 _aMayor Oreja, Jaime-
_xBiografías.
_979414
651 4 _aPaís Vasco-
_xPolítica y gobierno-
_y1975-1980.
_99159
700 1 _aSuárez, Adolfo,
_d1932-2014
_9164828
830 0 _aLa Esfera biografías
_9193250
852 _aES-MaACL
_jL-26341
_bR.131346
999 _c47710
_d47710